000 00490cam a2200205ua 4500
001 1310
008 110702n ii |||gr||||Z||||||eng
020 _a81-7493-855-9
040 _cMAIN
082 _a330.954
100 _aMisra, S K.,
245 _aIndian economy.
_cBy S K Misra.
250 _a18th.
260 _aNew Delhi.:
_bHimalaya publishing.,
_c2000.
300 _a935 p.:
_c35 cm.
653 _aEconomics.
653 _aIndian economy.
700 _aPuri, V K.,
942 _cBK
999 _c1210
_d1210